000 00739nam a2200241Ia 4500
003 OSt
005 20220923224455.0
006 a|||||r|||| 00| 0
007 ta
008 Pun
024 _a235,031
037 _cTextual
040 _aARTS
_cARTS
_bPun
041 _2Pun
_aPun
082 _aO153,1NPA:g, P5
100 _aਪਾਲ, ਅੰਮ੍ਰਿਤ ਲਾਲ
245 0 _aਸੁਰਜੀਤ ਪਾਤਰ
_b ਜੀਵਨ ਤੇ ਰਚਨਾ
260 _aਪਟਿਆਲਾ
_b ਸੰਗਮ ਪਬਲਿFਰਗ਼
_c2005
300 _a95ਪੰ
_ccm.
650 _aਪੰਜਾਬੀ ਸਾਹਿਤ
942 _hO153,1NPA:g, P5
_cTEXL
_2CC
999 _c371686
_d371686